00321nam a2200121Ia 4500008004100000041000800041082001200049100001900061245004500080260004100125300002400166365000900190240624s9999 xx 000 0 und d aeng a332 PAN aPANJER HARRY H aFINANCIAL ECONOMICS WITH APPLICATIONS TO c1998aSingaporebJohn Wiley and Sons a668 : p. : cm. ; 26 cb15